| 000 | 00686nam a2200229Ia 4500 | ||
|---|---|---|---|
| 005 | 20260601193221.0 | ||
| 008 | 260601s9999||||xx |||||||||||||| ||und|| | ||
| 020 |
_a978-3-031-47372-2 _qebk |
||
| 100 | _aMarta Tabares | ||
| 245 | 0 | _aAdvances in Computing | |
| 250 | _a1st ed. 2024 | ||
| 260 |
_aHeidelberg, Germany _bSpringer Nature _c2024 |
||
| 440 | _aCommunications in Computer and Information Science | ||
| 650 | _aComputer Science | ||
| 700 | _aBiviana Suarez | ||
| 700 | _aJose Aguilar | ||
| 700 | _aMarco Suarez | ||
| 700 | _aOscar Ruiz | ||
| 700 | _aPaola Vallejo | ||
| 856 | _uhttps://link.springer.com/openurl?genre=book&isbn=978-3-031-47372-2 | ||
| 942 |
_cEB _2ddc |
||
| 999 |
_c55793 _d55793 |
||